000 00271nam a22001217a 4500
082 _a823
_bKAT/T
100 _aJACKSON, KATHRYN
245 _aTAWNY, SERAWNY LION
260 _aNEW YORK
_bGOLDEN
_c1999
300 _a12
650 _aENGLISH STORY
_zUNITED STATES
942 _cBK
999 _c7421
_d7421